ABBA -les albums - Statistiques

Statistiques générales
  • Ce quiz a été pris 6 fois
  • Le résultat moyen est 8 sur 9
Statistiques - réponses
Par images Réponse % Correct
ABBA
100%
Super trouper
100%
Voyage
100%
Waterloo
100%
ABBA : the album
75%
Arrival
75%
Ring ring
75%
Voulez-vous
75%
The visitors
50%
Aucun quiz correspondant
Distribution des résultats
% des personnes avec chaque résultat
Percentile par nombre de réponses
Votre historique - résultats
Vous n’avez pas pris ce quiz